Je suis venu te dire que je m'en vais - Serge Gainsbourg : Paroles - Statistiques

Statistiques générales
  • Ce quiz a été pris 50 fois
  • Le résultat moyen est 234 sur 284
Statistiques - réponses
Paroles % Correct
je
100%
vais
100%
changer
98%
dire
98%
m'en
98%
pourront
98%
que
98%
rien
98%
suis
98%
te
98%
tes
98%
venu
98%
et
95%
à
91%
au
89%
larmes
89%
n'y
89%
de
86%
tu
86%
mauvais
84%
pleures
84%
regret
82%
comme
80%
vent
80%
bien
77%
si
77%
Verlaine
75%
des
73%
jamais
73%
dit
70%
présent
70%
gémis
64%
jours
61%
adieux
59%
l'heure
59%
mais
59%
blêmis
57%
qu'a
57%
sonné
57%
anciens
52%
t'souviens
52%
oui
50%
sanglots
50%
suffoques
50%
heureux
48%
sanglotes
45%
fait
41%
trop
41%
car
39%
longs
39%
as
34%
d'te
27%
t'aimais
25%
ouais
23%
Aucun quiz correspondant
Distribution des résultats
% des personnes avec chaque résultat
Percentile par nombre de réponses
Votre historique - résultats
Vous n’avez pas pris ce quiz